000 00368nam a2200145Ia 4500
008 230917s9999||||xx |||||||||||||| ||und||
040 _e58212
_aMAIN
041 _aEnglish
082 _a823.8 W462H:H
100 _aHammand, J R, ed
245 0 _aH G Wells: interviews and recollections
260 _aLondon
_bMacmillan
_c1980
300 _axii, 121 p.
942 _cBK
999 _c218130
_d218130